000 01182nam a2200217Ia 4500
999 _c38431
_d38431
001 4442
003 GE_BSU
005 20190510201037.0
008 181216s2005||||ge |||||||||||||| ||geo||
040 _cGE_BSU
041 _ageo
080 _a81"374.822(038)+512.1=353.1 ქ–27
245 _aქართულ–თურქული და თურქულ–ქართული მოკლე ლექსიკონი /
_cშემდგ . ვ.ჯანგიძე , რედ : ს.ჯიქია ; ო. გიგინეიშვილის წინასიტყვ.
264 _aთბილისი,
_c1973.
300 _a281გვ . ;
_c12 სმ.
653 _aქართულ–თურქული და თურქულ–ქართული მოკლე ლექსიკონი. Gürcüce - Türkçe, Türkçe - Gürcüce Kısa Sözlük.
700 _aჯანგიძე , ვენერა
_eშემდგენელი
_91027
700 _aჯიქია, ს
_eრედაქტორი
_91028
700 _aგიგინეიშვილი, ო
_eწინასიტყვაობა
_91029
942 _cBK
_2udc